| 000 | 00855cam a2200289 a 4500 | ||
|---|---|---|---|
| 008 | |||
| 020 | _a0471000825 (hbk.) | ||
| 049 | _aMAIN | ||
| 090 | _aTA403 | ||
| 100 | 1 | _aAllen, Samuel M. | |
| 245 | 1 | 4 |
_aThe structure of materials / _cSamuel M. Allen, Edwin L. Thomas. |
| 260 |
_aNew York : _bJ. Wiley, _cc1999. |
||
| 300 |
_axvi, 447 p. : _bill. ; _c25 cm. |
||
| 440 | _aMIT series in materials science & engineering | ||
| 500 | _aIncludes index. | ||
| 504 | _aIncludes bibliographical references. | ||
| 650 | 0 | _aMaterials science. | |
| 650 | 0 | _aCrystallography. | |
| 650 | 4 | _aCrystallography. | |
| 650 | 4 | _aMaterials science. | |
| 700 | 1 | _aThomas, Edwin L. | |
| 907 |
_a.b10016703 _b17-01-07 _c17-04-03 |
||
| 003 | |||
| 005 | 20230123133650.0 | ||
| 040 | _cNUST | ||
| 942 |
_cBOOKS _kTA403 |
||
| 999 |
_c152510 _d152510 |
||